Kleinsten Landkreise Deutschlands (Einwohnerzahl) - Statistiken

Allgemein
  • Dieses Quiz wurde 34 mal gespielt
  • Das Durchschnittsergebnis liegt bei 15 aus 20
Antwortstatistiken
Einwohnerzahl Bundesland Landkreis % Korrekt
56.922 Thüringen Sonneberg
89%
71.462 Rheinland-Pfalz Kusel
86%
78.035 Bayern Regen
86%
72.172 Bayern Tirschenreuth
86%
61.926 Thüringen Hildburghausen
82%
66.393 Bayern Kronach
82%
61.769 Rheinland-Pfalz Vulkaneifel
82%
58.359 Niedersachsen Wittmund
82%
79.286 Bayern Freyung-Grafenau
79%
67.328 Bayern Lichtenfels
79%
62.666 Rheinland-Pfalz Cochem-Zell
75%
76.045 Brandenburg Prignitz
71%
69.646 Thüringen Sömmerda
71%
76.208 Rheinland-Pfalz Donnersbergkreis
68%
73.690 Thüringen Kyffhäuserkreis
68%
49.178 Niedersachsen Lüchow-Dannenberg
68%
71.653 Bayern Kulmbach
64%
79.178 Thüringen Saale-Orla-Kreis
64%
70.911 Niedersachsen Holzminden
61%
72.006 Bayern Wunsiedel im Fichtelgebirge
32%
Keine übereinstimmenden Quizze gefunden
Verteilung der Resultate
Anzahl Personen mit jedem Resultat
Perzentil nach korrekt beantworteten Fragen
Ihre Resultats-Entwicklung
Sie haben dieses Quiz noch nicht gespielt